FAO agricultural development paper; N92 Tillage and seeding practices and machines for crop production in semiarid areas

Uloženo v:
Podrobná bibliografie
Hlavní autor: FAO
Médium: Kniha
Jazyk:Undetermined
Vydáno: Rome FAO 1971
Tagy: Přidat tag
Žádné tagy, Buďte první, kdo otaguje tento záznam!
Thư viện lưu trữ: Trung tâm Học liệu Trường Đại học Cần Thơ
LEADER 00537nam a2200181Ia 4500
001 CTU_29348
008 210402s9999 xx 000 0 und d
082 |a 631.9 
082 |b T574/N92 
100 |a FAO 
245 0 |a FAO agricultural development paper; N92 
245 0 |b Tillage and seeding practices and machines for crop production in semiarid areas 
245 0 |c FAO 
260 |a Rome 
260 |b FAO 
260 |c 1971 
904 |i Nguyễn Quang Điền, 990319 
980 |a Trung tâm Học liệu Trường Đại học Cần Thơ